=LDR 00000nam 2200000 4500 =001 INLIS000000000036779 =005 20130612142539 =008 ***********************************Ind** =035 ##$$a0010-061300000036779 =041 ##$$a Ind =082 ##$$a 641.1 =090 ##$$a 641.1, Alm g =100 ##$$a Almatsier, Sunita =245 ##$$a Gizi seimbang dalam daun kehidupan, Sunita Almatsier =260 ##$$a 2011 $b Jakarta =300 ##$$a xii, 463 hlm, ilus, 23 cm =650 ##$$a Gizi =850 ##$$a NBPNMAT =990 ##$$a 93356/BPAP-NTB/2014